00368pab a2200121 454500008004000000100001700040245010700057260000900164300001300173362001100186650002900197773002000226180718b2012 xxu||||| |||| 00| 0 eng d aSingh, Pooja aPerception about credibility of the national assessment and accreditation council: A conceptual review c2012 ap.20-25. a23 Jan aAccreditation(education) aUniversity News